[Event "Voronezh Rating op 09"]
[Site "Voronezh"]
[Date "2013.09.14"]
[Round "2"]
[White "Mezentsev, Andrey"]
[Black "Kornev, Sergey"]
[Result "1-0"]
[WhiteElo "1725"]
[BlackElo "1603"]
[PlyCount "69"]
[EventDate "2013.09.13"]
[EventType "swiss"]
[EventRounds "7"]
[EventCountry "RUS"]
[SourceTitle "EXT 2015"]
[Source "ChessBase"]
[SourceDate "2014.11.20"]
[SourceVersion "1"]
[SourceVersionDate "2014.11.20"]
[SourceQuality "1"]

1. d4 d5 2. c4 c6 3. Nc3 Nf6 4. e3 e6 5. Nf3 Nbd7 6. Bd3 Be7 7. 0-0 0-0 8. e4 dxe4 9. Nxe4 Nxe4 10. Bxe4 f5 11. Bc2 b6 12. Re1 Nf6 13. Qe2 Re8 14. b3 Qc7 15. Bb2 Kh8 16. Ne5 Bb7 17. Qe3 Bd6 18. Qh3 Kg8 19. Re3 c5 20. Rae1 Rad8 21. Nf3 Bxf3 22. Qxf3 Bxh2+ 23. Kh1 cxd4 24. Rxe6 Rxe6 25. Rxe6 Qf7 26. Qxf5 Bb8 27. g3 Qh5+ 28. Qxh5 Nxh5 29. Bd3 Nf6 30. Kg2 Kf7 31. Re1 a6 32. Rd1 Be5 33. Rd2 Ng4 34. Be2 d3 35. Bxg4 1-0

[Event "Voronezh op-B"]
[Site "Voronezh"]
[Date "2008.06.17"]
[Round "6"]
[White "Mkrtchian, Artak"]
[Black "Mezentsev, Andrey"]
[Result "1-0"]
[WhiteElo "1703"]
[BlackElo "1894"]
[PlyCount "67"]
[EventDate "2008.06.12"]
[EventType "swiss"]
[EventRounds "9"]
[EventCountry "RUS"]
[SourceTitle "CBM 125 Extra"]
[Source "ChessBase"]
[SourceDate "2008.09.01"]
[SourceVersion "1"]
[SourceVersionDate "2008.09.01"]
[SourceQuality "1"]

1. Nf3 f5 2. b3 Nf6 3. Bb2 e6 4. g3 Be7 5. Bg2 0-0 6. 0-0 d6 7. d4 Qe8 8. Nbd2 Qg6 9. c4 Nbd7 10. Qc2 Qh5 11. Rae1 Ng4 12. h3 Rf6 13. e4 f4 14. hxg4 Qxg4 15. Nh2 Qg6 16. g4 h5 17. Qd1 f3 18. Ndxf3 e5 19. dxe5 Re6 20. gxh5 Qxh5 21. Nd4 Rxe5 22. Qxh5 Rxh5 23. Nf5 Bf8 24. Re3 Nf6 25. Bxf6 gxf6 26. Rh3 Rxh3 27. Bxh3 Kf7 28. Bg4 Kg6 29. Kg2 b6 30. Nd4 Bb7 31. Bf5+ Kf7 32. Ng4 Re8 33. f3 c6 34. Bd7 1-0

[Event "Voronezh op-B"]
[Site "Voronezh"]
[Date "2008.06.14"]
[Round "3"]
[White "Mezentsev, Andrey"]
[Black "Pranizin, Gennady"]
[Result "0-1"]
[WhiteElo "1894"]
[BlackElo "2086"]
[PlyCount "72"]
[EventDate "2008.06.12"]
[EventType "swiss"]
[EventRounds "9"]
[EventCountry "RUS"]
[SourceTitle "CBM 125 Extra"]
[Source "ChessBase"]
[SourceDate "2008.09.01"]
[SourceVersion "1"]
[SourceVersionDate "2008.09.01"]
[SourceQuality "1"]

1. e4 e5 2. f4 Nf6 3. Nf3 d5 4. fxe5 Nxe4 5. d3 Nc5 6. d4 Ne4 7. Bd3 Bg4 8. Nbd2 Nxd2 9. Bxd2 c5 10. c3 Nc6 11. 0-0 Be7 12. Be3 0-0 13. Qc2 h6 14. Bf5 cxd4 15. Bxd4 Bxf5 16. Qxf5 Nxd4 17. cxd4 Qb6 18. Rac1 Qxb2 19. Rc7 Bd8 20. Rd7 Bb6 21. Rxd5 Qxa2 22. Qe4 Qb2 23. Kh1 Rad8 24. Rxd8 Rxd8 25. Qxb7 Bxd4 26. Qe7 Rf8 27. e6 fxe6 28. Qxe6+ Kh8 29. Qd6 Rf6 30. Qd8+ Kh7 31. Re1 Rxf3 32. gxf3 Qf2 33. Qd5 Qxe1+ 34. Kg2 Qg1+ 35. Kh3 Qf1+ 36. Kg4 Qg2+ 0-1

[Event "Voronezh op-B"]
[Site "Voronezh"]
[Date "2008.06.12"]
[Round "1"]
[White "Mezentsev, Andrey"]
[Black "Kirsanova, Ekaterina"]
[Result "0-1"]
[WhiteElo "1894"]
[BlackElo "2170"]
[PlyCount "28"]
[EventDate "2008.06.12"]
[EventType "swiss"]
[EventRounds "9"]
[EventCountry "RUS"]
[SourceTitle "CBM 125 Extra"]
[Source "ChessBase"]
[SourceDate "2008.09.01"]
[SourceVersion "1"]
[SourceVersionDate "2008.09.01"]
[SourceQuality "1"]

1. e4 c5 2. Nf3 e6 3. d4 cxd4 4. Nxd4 Nf6 5. Nc3 Nc6 6. Nxc6 bxc6 7. e5 Nd5 8. Ne4 Bb7 9. c4 Nb4 10. Nd6+ Bxd6 11. exd6 c5 12. Qb3 Be4 13. f3 Nc2+ 14. Ke2 Nd4+ 0-1